01223nam a2200313 i 4500001000300000003000400003005001700007008003900024015001700063020001500080040001400095041000800109080001400117100004300131245012700174250001200301260005500313300002800368490007400396504001200470521010900482650003400591655003000625700003500655710004100690700004500731856009800776830003500874bgBPK20200428143121.0030422s2003 pl a f |001 0 pol aPB 2003/7293 a8320428238 aWA NcBPK0 apol a51(075.8)1 aLeksiński, Wacławd(1932- ).eAutor10aMatematyka :bdefinicje, twierdzenia, przykłady, zadania /cWacław Leksiński, Ireneusz Nabiałek, Wojciech Żakowski. aWyd. 8. aWarszawa :bWydawnictwa Naukowo-Techniczne,c2003. a494 s. :bil. ;c24 cm.1 aPodręczniki Akademickie. Elektronika, Informatyka, Telekomunikacja. aIndeks.8 aDla studentów kierunków elektronika, informatyka i telekomunikacja wyższych szkół technicznych. 4aMatematykaxszkoły wyższe. 4aPodręczniki akademickie1 aNabiałek, Ireneuszd(1934- ).2 aWydawnictwa Naukowo-Techniczne4pbl.1 aŻakowski, Wojciechd(1929-1993)eAutor uhttp://koha.tu.koszalin.pl/cgi-bin/koha/opac-detail.pl?biblionumber=52820yKatalog online BPK 0aPodręczniki AkademickiepEIT